000 01185nam 22002293 4500
001 5970
010 _a85-312-0210-8
090 _a5970
100 _a20211231d1992 u||y0pory50 ba
200 _aCoisas Transparentes
_fVladimir Nabokov
_gtrad. Sonia de Souza Moreira
210 _a[Rio de Janeiro]
_cImago Editora
_d1992
215 _a157 p.
225 _aColeção Lazuli
330 _aDesde a infância e seus temores noturnos, o sono era o problema crônico do nosso Person. Ele não podia crer que pessoas decentes tivessem pesadelos obscenos e absurdos como os que o infernizavam durante a noite e continuavam ardendo durante todo o dia. Nem os pesadelos que os seus amigos de vez em quando lhe contavam, nem os casos narrados nos livros freudianos de interpretação dos sonhos, com as suas hilárias elucidações, podiam ser comparados à vilania complexa das experiências por que ele passava quase todas as noites.
606 _913
_aLiteratura Estrangeira
675 _a813
_zpor
675 _a820(73)-3
_zpor
700 _94239
_aNabokov
_bVladimir
_f1899-1977
702 _95651
_aMoreira
_bSonia de Souza
801 _aPT
_bBMVN
_gRPC
830 _cInês Silva
_d31/12/2021
990 _cLIVROS